000 00778nam a2200241 a 4500
001 000016853
005 20260114124842.0
008 100311s2010 dr 001 0 spa d
020 _a9789945002256
040 _aDO-SdBNP
_bspa
_cBNPHU
082 _a248.32
_bA239t
100 1 _aAdón, Rafael,
_d1973-
_937316
245 1 0 _aTransformados por el poder de la oración :
_bexperimenta lo que el señor quiere para ti /
_cRafael Adón.
260 _aSanto Domingo :
_bBernard,
_c2010.
300 _a151 p. ;
_c21 cm.
504 _aBibliografía : p. 150.
590 _aInventariado, 2018/BT
650 4 _aOración
_9270
650 0 _aMeditaciones
_95988
650 4 _aLiteratura religiosa
_93200
650 0 _aVida cristiana
_9668
910 _aValidado. Control de calidad. EMS
999 _c16385
_d16385